| 000 | 00481nam a2200157 i 4500 | ||
|---|---|---|---|
| 001 | 149989 | ||
| 003 | ES-MaACL | ||
| 005 | 20230906203334.0 | ||
| 007 | t| | ||
| 008 | 071025s1940 sp ||||1| spa d | ||
| 100 | 1 |
_aValle Collantes, Francisco. _9112785 |
|
| 245 | 1 | 0 |
_aEjercicios y problemas de álgebra elemental y superior / _cFrancisco Valle Collantes. |
| 260 |
_aCádiz : _b[s.n., _c1940] ( _fImp. Salvador Repeto) |
||
| 300 |
_a1 v. ; _c19 cm. |
||
| 852 |
_aES-MaACL _jB-9476 |
||
| 999 |
_c149989 _d149989 |
||